| 000 | 00836cam a22002294a 4500 | ||
|---|---|---|---|
| 001 | sa 68005907 | ||
| 003 | DLC | ||
| 005 | 20260227112512.0 | ||
| 008 | 831227s1967 ii b 000 0 hino | ||
| 010 | _asa 68005907 | ||
| 040 |
_aDLC _cDLC _dDLC |
||
| 041 | 0 |
_ahin _abho |
|
| 050 | 0 | 0 |
_aPK1826 _b.S54 1967 |
| 100 | 1 |
_aSiṃha, Śukadeva, _d1933-2007. |
|
| 245 | 1 | 0 |
_aBhojapurī aura Hindī : _bMaithilī, Magahī, Vajjikā, Aṅgikā aura Nepālī pariśishṭa pūrvaka / _cŚukadeva Siṃha. |
| 260 |
_aMujaphpharapura : _bBhāvanā Prakāśana, _c1967. |
||
| 300 |
_a1 v. (various pagings) ; _c22 cm |
||
| 546 | _aHindi and Bhojpuri. | ||
| 504 | _aIncludes bibliographical references (p. [1] (last group). | ||
| 650 | 0 |
_aBhojpuri language _xGrammar, Comparative _xHindi. |
|
| 650 | 0 |
_aHindi language _xGrammar, Comparative _xBhojpuri. |
|
| 999 |
_c80995 _d80995 |
||